000 01197cam a2200241 4500
001 ABS67042
008 030917n2003 000 0 eng u
035 _a(Sirsi) u123642
100 _aBeacham, P.
245 _aProfessional and legal - overview of listed buildings issues
260 _c2003
490 _aEstates Gazette
_v(0335) 30 August 2003, 75-81(7)
520 _aReport on the issues surrounding listed buildings. "Forward march of history" looks at how government proposals may help alleviate the worst problems which have arisen as the listing system is a confusing mix of regimes; "Defeat in the lists" advises owners on how to proceed if their redevelopment project is subject to listing; "A spanner in the works" warns developers they may eventually pay for their predecessors' mistakes; "The historic present" examines government proposals, concluding they are a long way off.
590 _aABS
650 _aLISTED BUILDINGS
650 _aDEVELOPMENT SCHEMES
690 _aBUILT ENVIRONMENT-BUILDING MAINTENANCE AND REFURBISHMENT-BUILDING CONSERVATION
700 _aBovill, P.
700 _aWatson, A.
700 _aBurson, S.
700 _aMartin, J
942 _n0
999 _c73422
_d73422